000 00790nam a2200229 4500
999 _c65455
_d65455
005 20240530110825.0
008 190805s2006 ua g 000 0 ara d
017 _a2003/11469
_bمصر. دار الكتب
020 _a9772084392
040 _aEG-CaGPL
_cEG-CaGPL
082 0 4 _221
_a243/
_bم ف
100 0 _aمحمود توفيق الحكيم
245 1 2 _aالفتح الرباني فى علاج المس الشيطانى /
_cتاليف محمود توفيق الحكيم
250 _aط.1
260 _aالقاهرة :
_bمكتبة مدبولى،
_c2006
300 _a201 ص. ؛
_c24 سم.
650 0 7 _2qrmak
_aالعلاج بالقران
650 0 7 _2qrmak
_aالقران والطب
651 _2qrmak
942 _2ddc
_cBK